000 00411nam a2200169Ia 4500
008 221030s9999 xx 000 0 und d
020 _a8178085720
041 _aEnglish
082 _a105.23
_bHer
100 _aP. Hersey
245 0 _aManagement Of Organisational Behaviour
260 _bPearson Education
_aDelhi
_c2005
300 _a516
650 _aManagement
700 _aK. H. Blanchard
942 _cBK
999 _c2010
_d2010